| 000 | 08312cam a22021014i 4500 | ||
|---|---|---|---|
| 003 | PE-LiUPU | ||
| 005 | 20250813165806.0 | ||
| 008 | 150706s2009 sp a r 000 0 spa d | ||
| 020 | _a8483225182 | ||
| 020 | _a9788483225189 | ||
| 035 | _a(Sirsi) i9788483225189 | ||
| 040 |
_aPE-LiUPU _bspa _cPE-LiUPU _dPE-LiUPU _erda |
||
| 049 | _aPRUA | ||
| 082 | 0 | 4 |
_a610.736 _bL33 _220 |
| 100 | 1 |
_aLeMone, Priscilla, _eautor. |
|
| 245 | 1 | 0 |
_aEnfermería medicoquirúrgica : _bpensamiento crítico en la asistencia del paciente / _cPriscilla LeMone, Karen Burke. |
| 250 | _a4a edición. | ||
| 264 | 1 |
_aMadrid : _bPearson Educasi, _c2009. |
|
| 300 | _a03 DVD | ||
| 300 |
_apáginación variada : _bilustraciones ; _c27centímetros. |
||
| 336 |
_atext _2rdacontent |
||
| 337 |
_aunmediated _2rdamedia |
||
| 338 |
_avolume _2rdacarrier |
||
| 490 | _aSerie enfermería | ||
| 505 | 0 |
_aVolumen I, _a Práctica de enfermería: medico quirúrgica -- Dimensiones de la enfermería medico quirúrgica --Alteraciones en los patrones de salud -- Fisiopatología y patrones de salud -- Patrones nutricionales y metabólicos -- Respuesta a las alteración de la estructura y la función de la piel -- Respuestas a la alteración de la función endocrina -- Respuesta a la alteración nutricional -- Patrones de eliminación -- Respuesta a la alteración de la eliminación intestinal -- Respuesta a la alteración de la eliminación urinaria. |
|
| 505 | 0 |
_aVolumen II, _aPatrones de Actividad y Ejercicio -- Respuestas a la alteración de la función cardíaca -- Respuestas a la alteración de la perfusión de los tejidos periféricos -- Respuestas a la alteración de la función respiratoria -- Respuestas a la alteración de la función osteomuscular -- Patrones Cognitivos y de la Percepción -- Respuestas a la alteración de la función neurológica -- Respuestas a la alteración de la función visual y auditiva -- Patrones de Sexualidad y Reproducción -- Respuestas a la alteración de la función reproductora. |
|
| 526 | _aP203 | ||
| 526 | _aP200 | ||
| 526 | _aSEG65 | ||
| 526 | _aSEG64 | ||
| 526 | _aSEG63 | ||
| 526 | _aSEG62 | ||
| 526 | _aSEG61 | ||
| 526 | _aSEG60 | ||
| 526 | _aSEG59 | ||
| 526 | _aSEG58 | ||
| 526 | _aSEG57 | ||
| 526 | _aSEG56 | ||
| 526 | _aSEG55 | ||
| 526 | _aSEG54 | ||
| 526 | _aSEG53 | ||
| 526 | _aSEG52 | ||
| 526 | _aSEG51 | ||
| 526 | _aSEG50 | ||
| 526 | _aSEG49 | ||
| 526 | _aSEG48 | ||
| 526 | _aSEG47 | ||
| 526 | _aSEG46 | ||
| 526 | _aSEG24 | ||
| 526 | _aSEG23 | ||
| 526 | _aSEG22 | ||
| 526 | _aSEG21 | ||
| 526 | _aSEG20 | ||
| 526 | _aSEG19 | ||
| 526 | _aSEG18 | ||
| 526 | _aSEG17 | ||
| 526 | _aSEG16 | ||
| 526 | _aSEG14 | ||
| 526 | _aSEG13 | ||
| 526 | _aSEG12 | ||
| 526 | _aSEG11 | ||
| 526 | _aSEG10 | ||
| 526 | _aSEG09 | ||
| 526 | _aSEG06 | ||
| 526 | _aSEG05 | ||
| 526 | _aSEG04 | ||
| 526 | _aSEG03 | ||
| 526 | _aSEG02 | ||
| 526 | _aSEG68 | ||
| 526 | _aSEG66 | ||
| 526 | _aSEG45 | ||
| 526 | _aSEG25 | ||
| 526 | _aSEG01 | ||
| 526 | _aP163 | ||
| 526 | _aP162 | ||
| 526 | _aP161 | ||
| 526 | _aP160 | ||
| 526 | _aP159 | ||
| 526 | _aP158 | ||
| 526 | _aP157 | ||
| 526 | _aP156 | ||
| 526 | _aP155 | ||
| 526 | _aP154 | ||
| 526 | _aP153 | ||
| 526 | _aP152 | ||
| 526 | _aP151 | ||
| 526 | _aP150 | ||
| 526 | _aP149 | ||
| 526 | _aP142 | ||
| 526 | _aP141 | ||
| 526 | _aP140 | ||
| 526 | _aP139 | ||
| 526 | _aP138 | ||
| 526 | _aP137 | ||
| 526 | _aP132 | ||
| 526 | _aP131 | ||
| 526 | _aP130 | ||
| 526 | _aP126 | ||
| 526 | _aP125 | ||
| 526 | _aP124 | ||
| 526 | _aP123 | ||
| 526 | _aP115 | ||
| 526 | _aP122 | ||
| 526 | _aP121 | ||
| 526 | _aP116 | ||
| 526 | _a P114 | ||
| 526 | _aP112 | ||
| 526 | _aP111 | ||
| 526 | _aP104 | ||
| 526 | _aP103 | ||
| 526 | _aP102 | ||
| 526 | _aP101 | ||
| 526 | _aP100 | ||
| 526 | _aP96 | ||
| 526 | _aP95 | ||
| 526 | _aP93 | ||
| 526 | _aP92 | ||
| 526 | _aP91 | ||
| 526 | _aP88 | ||
| 526 | _aP83 | ||
| 526 | _aP82 | ||
| 526 | _aP79 | ||
| 526 | _aP78 | ||
| 526 | _aP75 | ||
| 526 | _aP74 | ||
| 526 | _aP71 | ||
| 526 | _aP69 | ||
| 526 | _a P51 | ||
| 526 | _aP49 | ||
| 526 | _aP48 | ||
| 526 | _aP47 | ||
| 526 | _aP33 | ||
| 526 | _aP31 | ||
| 526 | _a P30 | ||
| 526 | _aP29 | ||
| 526 | _aP27 | ||
| 526 | _aP26 | ||
| 526 | _aP25 | ||
| 526 | _aP24 | ||
| 526 | _a P22 | ||
| 526 | _aP10 | ||
| 526 | _aP09 | ||
| 526 | _a P08 | ||
| 526 | _aP06 | ||
| 526 | _aP05 | ||
| 526 | _aP04 | ||
| 526 | _aP01 | ||
| 541 | _g001-000013; | ||
| 541 | _g001-000032; | ||
| 541 | _g001-000032; | ||
| 541 | _g015-0011457; | ||
| 541 | _g001-000013; | ||
| 541 | _g015-0011457; | ||
| 650 | 0 | 4 |
_aEnfermería Quirúrgica. _9747 |
| 700 | 1 |
_aBurke, Karen, _eautor. |
|
| 910 |
_bjv _cng _d20100420 |
||
| 942 |
_2ddc _cBOOK |
||
| 949 |
_a610.736 L33 2 _wDEWEY _c1 _i61483 _lCCODEBUL1 _mBUL _p78.00 _r0 _sY _tBOOK _u2015-7-6 _xSALUD _PP22 _o.STAFF. Colección Ciencias de la Salud |
||
| 949 |
_a610.736 L33 2 _wDEWEY _c2 _i64055 _d2017-8-10 _e2017-8-9 _f2017-2-16 _g1 _lCCODEBUL1 _mBUL _n2 _p132.00 _r0 _sY _tBOOK _u2015-7-6 _xSALUD _PP22 _0COMPRA _o.STAFF. Colección Ciencias de la Salud |
||
| 949 |
_a610.736 L33 2 _wDEWEY _c3 _i65081 _d2017-8-10 _e2017-8-9 _f2017-2-16 _g1 _lCCODEBUL1 _mBUL _n4 _p124.00 _r0 _sY _tBOOK _u2015-7-6 _xSALUD _PP22 _0COMPRA _o.STAFF. Colección Ciencias de la Salud |
||
| 949 |
_a610.736 L33 2 _wDEWEY _c4 _i65082 _d2017-8-10 _e2017-8-9 _f2017-2-16 _g1 _lCCODEBUL1 _mBUL _n2 _p124.00 _r0 _sY _tBOOK _u2015-7-6 _xSALUD _PP22 _0COMPRA _o.STAFF. Colección Ciencias de la Salud |
||
| 949 |
_a610.73677 L44 T2 2009 _wDEWEY _c1 _iFJ06243 _lCCODEBUJ1 _mBUJ _p70.00 _r0 _sY _tBOOK _u2015-9-11 _xSALUD _PP22 _0COMPRA _o.STAFF. Colección General Juliaca |
||
| 949 |
_a610.73677 L44 T1 2009 _wDEWEY _c1 _iFJ06242 _lCCODEBUJ1 _mBUJ _p78.00 _r0 _sY _tBOOK _u2015-9-11 _xSALUD _PP22 _0COMPRA _o.STAFF. Colección Ciencias de la Salud |
||
| 994 |
_aC0 _bPEPRU |
||
| 596 | _a1 3 | ||
| 999 |
_a610.736 L33 2 _wDEWEY _c50699 _i61483 _lLOST _mBUL _p78.00 _r1 _sN _tBOOK _u2015-7-6 _xSALUD _PP22 _o.STAFF. Colección Ciencias de la Salud _d50699 |
||
| 999 |
_a610.736 L33 2 _wDEWEY _c2 _i64055 _d2019-8-12 _e2019-8-9 _f2021-11-3 _g5 _lCCODEBUL1 _mBUL _n5 _p132.00 _q5 _r0 _sY _tBOOK _u2015-7-6 _xSALUD _zP22 _0COMPRA _o.STAFF. Colección Ciencias de la Salud |
||
| 999 |
_a610.736 L33 2 _wDEWEY _c3 _i65081 _d2019-6-11 _e2017-8-9 _f2021-11-3 _g5 _lCCODEBUL1 _mBUL _n4 _p124.00 _q6 _r0 _sY _tBOOK _u2015-7-6 _xSALUD _zP22 _0COMPRA _o.STAFF. Colección Ciencias de la Salud |
||
| 999 |
_a610.736 L33 2 _wDEWEY _c4 _i65082 _d2018-10-25 _e2017-8-9 _f2021-11-3 _g4 _lCCODEBUL1 _mBUL _n2 _p124.00 _q6 _r0 _sY _tBOOK _u2015-7-6 _xSALUD _zP22 _0COMPRA _o.STAFF. Colección Ciencias de la Salud |
||
| 999 |
_a610.73677 L44 T2 2009 _wDEWEY _c1 _iFJ06243 _d2019-11-20 _f2022-1-25 _g4 _lCCODEBUJ1 _mBUJ _p70.00 _q1 _r0 _sY _tBOOK _u2015-9-11 _xSALUD _PP22 _0COMPRA _o.STAFF. Colección General Juliaca |
||
| 999 |
_a610.736 L33 1 _wDEWEY _c1 _i61482 _f2021-11-3 _g2 _lCCODEBUL1 _mBUL _p78.00 _r0 _sY _tBOOK _u2019-5-8 _xSALUD _zP22 _0COMPRA _o.STAFF. Colección Ciencias de la Salud |
||
| 999 |
_a610.736 L33 1 _wDEWEY _c2 _i64054 _lREPAIR _mBUL _p130.00 _r0 _sY _tBOOK _u2019-5-8 _xSALUD _zP22 _0COMPRA _o.STAFF. Colección Ciencias de la Salud |
||
| 999 |
_a610.736 L33 1 _wDEWEY _c3 _i65079 _f2021-11-3 _g2 _lCCODEBUL1 _mBUL _p124.00 _r0 _sY _tBOOK _u2019-5-8 _xSALUD _zP22 _0COMPRA _o.STAFF. Colección Ciencias de la Salud |
||
| 999 |
_a610.736 L33 1 _wDEWEY _c4 _i65080 _d2019-9-29 _e2019-9-27 _f2021-11-3 _g2 _lCCODEBUL1 _mBUL _n2 _p124.00 _q1 _r0 _sY _tBOOK _u2019-5-8 _xSALUD _zP22 _0COMPRA _o.STAFF. Colección Ciencias de la Salud |
||
| 999 |
_a610.73677 L44 T1 2009 _wDEWEY _c1 _iFJ06242 _d2019-11-20 _f2022-1-25 _g2 _lREPAIR _mBUJ _p70.00 _q2 _r0 _sY _tBOOK _u2019-5-8 _xSALUD _0COMPRA _o.STAFF. Colección Ciencias de la Salud |
||
| 980 |
_81 _gALBERTO SANCHEZ Responsable de Automatización |
||